Psychologie culturelle d'une formation d'adulte : L'île aux savoirs voyageurs (notice n° 1548827)

détails MARC
000 -LEADER
fixed length control field 01040cam a2200133 4500500
005 - DATE AND TIME OF LATEST TRANSACTION
control field 20251012042514.0
041 ## - LANGUAGE CODE
Language code of text/sound track or separate title fre
042 ## - AUTHENTICATION CODE
Authentication code dc
100 10 - MAIN ENTRY--PERSONAL NAME
Personal name Muller Mirza, Nathalie
Relator term author
245 00 - TITLE STATEMENT
Title Psychologie culturelle d'une formation d'adulte : L'île aux savoirs voyageurs
260 ## - PUBLICATION, DISTRIBUTION, ETC.
Name of publisher, distributor, etc. L'Harmattan,<br/>
Date of publication, distribution, etc. 2005.<br/>
520 ## - SUMMARY, ETC.
Summary, etc. Il y a parfois une sorte de décalage entre ce qui avait été prévu en termes d’apprentissage et ce qui se déroule véritablement dans une formation, ce qui génère déception et frustration. Mais plutôt que de considérer ces «décalages» comme des échecs, cet ouvrage en explore les dynamiques et les potentialités, et leurs enjeux de communication. A partir d’un projet de «diagnostic paysan» élaboré à Madagascar basé sur la notion de participation, voici une exploration des conditions d’une rencontre interculturelle et interprofessionnelle.
856 41 - ELECTRONIC LOCATION AND ACCESS
Uniform Resource Identifier <a href="https://shs.cairn.info/psychologie-culturelle-dune-formation-dadulte--9782747593069?lang=fr&redirect-ssocas=7080">https://shs.cairn.info/psychologie-culturelle-dune-formation-dadulte--9782747593069?lang=fr&redirect-ssocas=7080</a>

Pas d'exemplaire disponible.

PLUDOC

PLUDOC est la plateforme unique et centralisée de gestion des bibliothèques physiques et numériques de Guinée administré par le CEDUST. Elle est la plus grande base de données de ressources documentaires pour les Étudiants, Enseignants chercheurs et Chercheurs de Guinée.

Adresse

627 919 101/664 919 101

25 boulevard du commerce
Kaloum, Conakry, Guinée

Réseaux sociaux

Powered by Netsen Group @ 2025